Theto ya bana 2 (Record no. 697965)

MARC details
000 -LEADER
fixed length control field 00470nam a2200181Ia 4500
005 - DATE AND TIME OF LATEST TRANSACTION
control field 20231018154614.0
008 - FIXED-LENGTH DATA ELEMENTS--GENERAL INFORMATION
fixed length control field 220701s9999 xx 000 0 und d
020 ## - INTERNATIONAL STANDARD BOOK NUMBER
International Standard Book Number <a href="9781775611592">9781775611592</a>
Qualifying information (pbk)
040 ## - CATALOGING SOURCE
Transcribing agency 3228
082 ## - DEWEY DECIMAL CLASSIFICATION NUMBER
Classification number NSO KF MOCH
942 ## - ADDED ENTRY ELEMENTS
Creator ID 561
Creator Name John Tresidder
Modifier ID 162
Modifier Name Elsie Maluleke
100 ## - MAIN ENTRY--PERSONAL NAME
Personal name Mochosa Raisibe
245 #0 - TITLE STATEMENT
Title Theto ya bana 2
260 ## - PUBLICATION, DISTRIBUTION, ETC.
Place of publication, distribution, etc. Centurion
Name of publisher, distributor, etc. Qualibooks
Date of publication, distribution, etc. 2007
300 ## - PHYSICAL DESCRIPTION
Extent 16 pages
Dimensions 21 cm
942 ## - ADDED ENTRY ELEMENTS
Source of classification or shelving scheme Dewey Decimal Classification
942 ## - ADDED ENTRY ELEMENTS
item type Books
Source of classification or shelving scheme Dewey Decimal Classification
Holdings
Withdrawn status Lost status Damaged status Not for loan Home library Current library Date acquired Cost, normal purchase price Total Checkouts Barcode Date last seen Price effective from item type Public note Source of classification or shelving scheme Full call number
        Koornfontein Public Library Koornfontein Public Library 01.07.2022 102.00   3390900091735 01.07.2022 01.07.2022 Books KFN0228/18    
        LYDENBURG REGIONAL LIBRARY Leroro 03.11.2022     33228031029946 03.11.2022 03.11.2022 Books   Dewey Decimal Classification SEP KF MOCH
        LYDENBURG REGIONAL LIBRARY Mashishing 18.10.2023     33228031030445 18.10.2023 18.10.2023 Books   Dewey Decimal Classification NSO KF MOCH